[Event "Tatry op"]
[Site "Tatranska Lomnica"]
[Date "1997.??.??"]
[Round "8"]
[White "Berezjuk, Sergej"]
[Black "Karnik, Pavel"]
[Result "1/2-1/2"]
[WhiteElo "2390"]
[BlackElo "2300"]

1.e4 e6 2.d4 d5 3.Nc3 Nf6 4.e5 Nfd7 5.Nce2 c5 6.c3 b6 7.f4 Ba6 8.Nf3 Be7
9.g3 Nc6 10.Kf2 Qc7 11.a3 Bxe2 12.Bxe2 c4 13.Be3 Na5 14.Qc2 f5 15.exf6 gxf6
16.Rae1 O-O-O 17.Kg2 Rdg8 18.Bd1 Bd6 19.Rhf1 Nc6 20.Kh1 Rg7 21.f5 e5 22.Bh6 Re7
23.Qd2 e4 24.Nh4 b5 25.Ng2 a5 26.Bf4 Nb6 27.Bh6 Rg8 28.Bf4 b4 29.axb4 axb4
30.Bxd6 Qxd6 31.Nf4 Ra7 32.Qe3 Ra2 33.Rf2 Na7 34.Kg2 Nb5 35.cxb4 Qxb4 36.Ree2 Kb7
37.Ne6 Nd7 38.Nf4 Nc7 39.b3 Rxe2 40.Rxe2 Nb6 41.bxc4 Nxc4 42.Qb3 Qxb3 43.Bxb3 Rd8
44.Nxd5 Rxd5 45.Rxe4 Rxf5 46.Bxc4 Kc6 47.Rh4 Ra5 48.Bg8 h5 49.Bf7 Kd6 50.Rxh5 Rxh5
51.Bxh5 Nb5 52.Kf3 Nxd4+ 53.Ke4 Nc6 54.Kf5 Ke7 55.h4 Nd4+ 56.Kg6 f5 57.Bd1 Kf8
58.Kf6 f4 59.gxf4 Kg8 60.h5  1/2-1/2

[Event "Czerniak mem Bikurei Haitim"]
[Site "Tel Aviv"]
[Date "1997.??.??"]
[Round "9"]
[White "David, Alberto"]
[Black "Zifroni, Dov"]
[Result "0-1"]
[WhiteElo "2455"]
[BlackElo "2490"]

1.e4 e6 2.d4 d5 3.Nc3 Nf6 4.e5 Nfd7 5.f4 c5 6.Nf3 Nc6 7.Be3 a6 8.Qd2 b5 9.Be2 Be7
10.O-O O-O 11.Nd1 cxd4 12.Nxd4 Nxd4 13.Bxd4 b4 14.Kh1 a5 15.Qe3 Ba6 16.Bd3 Qc7
17.Qh3 h6 18.Ne3 Bc5 19.Bxc5 Nxc5 20.Ng4 Rfc8 21.Rae1 Nxd3 22.cxd3 Qc2 23.Nf2 Qxb2
24.f5 exf5 25.Qxf5 Rf8 26.Re3 Bc8 27.Qf4 Ra6 28.Rg3 Qxa2 29.Nd1 Qc2 30.Ne3 Qxd3
31.Ng4 Qc4 32.Nf6+ Kh8 33.Qf3 gxf6 34.exf6 Qe4 35.Qf2 Bf5 36.Qd2  0-1

[Event "JUG Cup"]
[Site "Ulcinj"]
[Date "1997.??.??"]
[Round "?"]
[White "Vukovic, Zdravko"]
[Black "Stamenkovic, Zoran"]
[Result "1/2-1/2"]
[WhiteElo "2455"]
[BlackElo "2415"]

1.e4 e6 2.d4 d5 3.Nc3 Nf6 4.e5 Nfd7 5.f4 c5 6.Nf3 Nc6 7.Ne2 Qb6 8.c3 f6 9.a3 Be7
10.b4 cxd4 11.Nexd4 Nxd4 12.cxd4 O-O 13.Be3 fxe5 14.fxe5 Rf7 15.Bd3 Nf8 16.O-O Bd7
17.b5 a5 18.a4 Rc8 19.Rc1 Rxc1 20.Qxc1 Qd8 21.Qc2 b6 22.g3 Qe8 23.Kg2 h6
24.h4 Qc8 25.Qb1 Qc3 26.Rc1 Qa3 27.Qc2 Bd8 28.Rb1 Be8 29.Bc1 Qe7 30.Rb3 Qb7
31.Rc3 Rc7 32.Rxc7 Qxc7 33.Qxc7 Bxc7 34.g4 Bg6 35.Bxg6 Nxg6 36.h5 Ne7 37.Ba3 Bd8
38.Ne1 Nc8 39.Nd3 Be7 40.Bc1 Kf7 41.Kf3 Bh4 42.Bd2  1/2-1/2

[Event "JUG Cup (Women)"]
[Site "Ulcinj"]
[Date "1997.??.??"]
[Round "?"]
[White "Vuksanovic, Sanja"]
[Black "Pihajlic, Amalija"]
[Result "1-0"]
[WhiteElo "2260"]
[BlackElo "2155"]

1.e4 e6 2.d4 d5 3.Nc3 Nf6 4.e5 Nfd7 5.f4 c5 6.Nf3 Nc6 7.Be3 cxd4 8.Nxd4 Bc5
9.Qd2 O-O 10.O-O-O Qe7 11.Nb3 Bxe3 12.Qxe3 b6 13.Bb5 Bb7 14.Bxc6 Bxc6 15.Rhe1 Rfc8
16.Nd4 Qc5 17.f5 exf5 18.e6 Nf6 19.exf7+ Kxf7 20.Qe6+ Kf8 21.Qxf6+ gxf6 22.Ne6+ Kf7
23.Nxc5 bxc5 24.Nxd5 Rd8 25.Nf4 Be4 26.Rxd8 Rxd8 27.Re3 Rd7 28.Rh3 Ke8 29.Rc3 Rc7
30.b4 c4 31.a4 Ke7 32.g3 Kd6 33.Kd2 Ke5 34.Re3 h5 35.h4 Kd4  1-0

[Event "Vlissingen HZ op"]
[Site "Vlissingen"]
[Date "1997.??.??"]
[Round "5"]
[White "Kuipers, Eelco"]
[Black "Barsov, Alexei"]
[Result "1/2-1/2"]
[WhiteElo "2220"]
[BlackElo "2445"]

1.e4 e6 2.d4 d5 3.Nc3 Nf6 4.e5 Nfd7 5.f4 c5 6.Nf3 Nc6 7.Be3 a6 8.Qd2 b5 9.dxc5 Bxc5
10.Bxc5 Nxc5 11.Qf2 Qb6 12.Bd3 b4 13.Ne2 a5 14.O-O Ba6 15.Rad1 Ne7 16.Kh1 h6
17.Nfd4 g6 18.Nb3 Na4 19.Qxb6 Nxb6 20.Nc5 Bxd3 21.cxd3 Nf5 22.Rc1 Ke7 23.Kg1 Rhc8
24.Kf2 h5 25.Ng3 Nh6 26.Kf3 a4 27.Ne2 Ra7 28.g3 Nf5 29.h3 Rac7 30.Na6 Rc2
31.Rxc2 Rxc2 32.Rb1 b3 33.axb3 axb3 34.Nb4 Rc5 35.g4 hxg4+ 36.hxg4 Nh4+ 37.Kg3  1/2-1/2

[Event "Volgograd"]
[Site "Volgograd"]
[Date "1997.??.??"]
[Round "7"]
[White "Nosov, Andrey"]
[Black "Shubin, Alexey"]
[Result "1-0"]
[WhiteElo "2345"]
[BlackElo "2305"]

1.e4 e6 2.d4 d5 3.Nc3 Nf6 4.e5 Nfd7 5.f4 c5 6.Nf3 Nc6 7.Be3 cxd4 8.Nxd4 Qb6
9.Qd2 Qxb2 10.Rb1 Qa3 11.Be2 Nxd4 12.Bxd4 Bb4 13.O-O O-O 14.f5 exf5 15.Rb3 Qa5
16.a3 Bc5 17.Rb5 Bxd4+ 18.Qxd4 Qxa3 19.Nxd5 a6 20.Ra1 axb5 21.Rxa3 Rxa3 22.Ne7+ Kh8
23.Nxc8 Nxe5 24.Qxe5 Rxc8 25.Qxf5 Ra1+ 26.Kf2  1-0

[Event "Warsaw-ch"]
[Site "Warsaw"]
[Date "1997.??.??"]
[Round "5"]
[White "Kolasinski, Marek"]
[Black "Radziewicz, Iweta"]
[Result "1-0"]
[WhiteElo "2275"]
[BlackElo "2220"]

1.e4 e6 2.d4 d5 3.Nc3 Nf6 4.e5 Nfd7 5.Nce2 c5 6.c3 Nc6 7.Nf3 b6 8.Ng3 Bb7
9.Bd3 cxd4 10.cxd4 Nb4 11.Bb1 Ba6 12.a3 Nc6 13.Ne2 Na5 14.O-O Bxe2 15.Qxe2 Nb3
16.Ra2 Nxc1 17.Rxc1 Be7 18.Bd3 O-O 19.Ba6 Bg5 20.Rc3 Bh6 21.b4 f6 22.exf6 Rxf6
23.Rac2 Nf8 24.Ne5 Rf4 25.Rc8 Rxc8 26.Rxc8 Qe7 27.Bd3 g6 28.g3 Rf6 29.Ng4 Bg7
30.Nxf6+ Bxf6 31.Qe3 Qd7 32.Ra8 Kg7 33.Qf4 Qf7 34.h4 Qe7 35.Qb8 Nd7 36.Qb7 Kf7
37.Rxa7  1-0

[Event "Warsaw-ch"]
[Site "Warsaw"]
[Date "1997.??.??"]
[Round "7"]
[White "Dabrowska, Krystyna"]
[Black "Lagowski, Patryk"]
[Result "1-0"]
[WhiteElo "2250"]
[BlackElo "2100"]

1.e4 e6 2.d4 d5 3.Nc3 Nf6 4.e5 Nfd7 5.f4 c5 6.Nf3 Nc6 7.Ne2 a6 8.c3 b5 9.a3 Qb6
10.Be3 g6 11.g4 h5 12.gxh5 Rxh5 13.Ng3 Rh8 14.h4 cxd4 15.Nxd4 Nxd4 16.Bxd4 Bc5
17.h5 Bxd4 18.cxd4 gxh5 19.Rxh5 Rg8 20.Qd3 Bb7 21.Rc1 Bc6 22.f5 O-O-O 23.Rh7 Rdf8
24.Bh3 Kb8 25.Qc3 Bb7 26.Ne2 Rh8 27.Rg7 Rc8 28.Qe3 Rxc1+ 29.Nxc1 Rh4 30.Ne2 Re4
31.Qc3 Nxe5 32.Bg2 Rxe2+ 33.Kxe2 Nc6 34.Kd3 e5 35.Bxd5 exd4 36.Qe1 Qc5 37.Qe8+ Ka7
38.Bxc6 Qc4+ 39.Kd2 Bxc6 40.Rxf7+ Kb6 41.Qd8+ Kc5 42.b4+  1-0

[Event "Wil"]
[Site "Wil"]
[Date "1997.??.??"]
[Round "?"]
[White "Naef, Thomas"]
[Black "Kelecevic, Nedeljko"]
[Result "0-1"]
[WhiteElo "1960"]
[BlackElo "2440"]

1.e4 e6 2.d4 d5 3.Nc3 Nf6 4.e5 Nfd7 5.f4 c5 6.Nf3 Nc6 7.Be3 cxd4 8.Nxd4 Bc5
9.Qd2 Bxd4 10.Bxd4 Nxd4 11.Qxd4 Qb6 12.O-O-O Qxd4 13.Rxd4 a6 14.a4 Ke7 15.a5 Nb8
16.Ra4 Nc6 17.Bd3 Bd7 18.Ra3 g5 19.g3 gxf4 20.gxf4 Rag8 21.Ne2 Rg2 22.c3 f6
23.exf6+ Kxf6 24.Ng3 h5 25.Ra2 h4 26.Bf1 Rf2 27.Ne2 Rg8 28.b4 Ne7 29.Rd2 Bb5
30.Kd1 Nf5 31.Ke1 Rf3 32.Rc2 Ne3 33.Rc1 Rxf1+ 34.Rxf1 Nxf1 35.Kxf1 h3 36.Ke1 Rg2
37.Nd4 Rxh2  0-1

[Event "Wuerttemberg-ch"]
[Site "Willsbach"]
[Date "1997.??.??"]
[Round "2"]
[White "Holzhaeuer, Mathias"]
[Black "Wartlick, Karl"]
[Result "1/2-1/2"]
[WhiteElo "2355"]
[BlackElo "2035"]

1.e4 e6 2.d4 d5 3.Nc3 Nf6 4.e5 Nfd7 5.f4 c5 6.Nf3 Nc6 7.Be3 Qb6 8.Na4 Qa5+
9.c3 cxd4 10.b4 Qc7 11.Nxd4 a6 12.Bd3 b5 13.Nb2 Ncxe5 14.fxe5 Qxc3+ 15.Qd2 Bxb4
16.Nc6 Qxb2 17.Qxb4 Qxb4+ 18.Nxb4 Nxe5 19.a4 Nxd3+ 20.Nxd3 bxa4 21.Rxa4 Bd7
22.Ra5 Bb5 23.Kd2 f6 24.Rha1 Kf7 25.Nc5  1/2-1/2

[Event "Zillertal op"]
[Site "Zillertal"]
[Date "1997.??.??"]
[Round "1"]
[White "Piven, Igor"]
[Black "Lehner, Erich"]
[Result "1-0"]
[WhiteElo "2350"]
[BlackElo "1915"]

1.e4 e6 2.d4 d5 3.Nc3 Nf6 4.e5 Nfd7 5.Nf3 c5 6.dxc5 Bxc5 7.Bd3 Be7 8.O-O Nc6
9.Re1 Nc5 10.Bf1 a6 11.Ne2 Bd7 12.Ned4 O-O 13.Bf4 Rc8 14.c3 b5 15.Rc1 Na4
16.Qd2 Nb6 17.Bd3 Nxd4 18.Nxd4 Nc4 19.Qe2 g6 20.Nf3 Bc6 21.Rcd1 Qa5 22.a3 Ba8
23.Bg5 Bxg5 24.Nxg5 Qd8 25.Nf3 Kg7 26.Bb1 Qe7 27.Rd4 Rce8 28.Bd3 f5 29.exf6+ Rxf6
30.Bxc4 bxc4 31.Ne5 h5 32.f4 Qb7 33.Red1 Qb5 34.R1d2 Ref8 35.Nf3 Qb8 36.g3 Bc6
37.Qe3 Be8 38.Re2 Bf7 39.Rdd2 Qc7 40.Qd4 Bg8 41.Re5 Kh6 42.Rde2 Rf5 43.R5e3 Qg7
44.Qd2 Qa7 45.Nd4 R5f6 46.Kg2 Qb7 47.f5 Kh7 48.fxe6 Re8 49.Re5 Re7 50.Qg5 Rfxe6
51.Nxe6 d4+ 52.Kg1  1-0

[Event "CZE-chT 9798"]
[Site "CZE"]
[Date "1998.01.17"]
[Round "5"]
[White "Sleich, Jan"]
[Black "Obsivac, Josef"]
[Result "0-1"]
[WhiteElo "2240"]
[BlackElo "2345"]

1.e4 e6 2.d4 d5 3.Nc3 Nf6 4.e5 Nfd7 5.f4 c5 6.Nf3 Nc6 7.Be3 a6 8.Qd2 b5 9.dxc5 Nxc5
10.Nd4 Bd7 11.Nxc6 Bxc6 12.Qf2 Na4 13.Nxa4 bxa4 14.Bd3 g6 15.O-O Be7 16.Bb6 Qb8
17.Bd4 Bb5 18.g4 Bxd3 19.cxd3 Qb5 20.Rac1 h5 21.gxh5 Rxh5 22.Qe3 Kf8 23.Rc7 Bd8
24.Rc5 Qd7 25.Rfc1 Bb6 26.Rc6 Bxd4 27.Qxd4 Kg7 28.R1c2 Rah8 29.Rc7 Qd8 30.Rc8 Qh4
31.Rxh8 Rxh8 32.Rf2 Qg4+ 33.Kf1 Rc8 34.Qe3 Qd1+ 35.Kg2 Rc1 36.Qe2 Qg1+ 37.Kh3 d4
38.Qd2 Re1 39.a3 Re3+  0-1

[Event "Pobeskydi"]
[Site "Frydek-Mistek"]
[Date "1998.01.26"]
[Round "6"]
[White "Berezjuk, Sergej"]
[Black "Biolek, Richard"]
[Result "1/2-1/2"]
[WhiteElo "2405"]
[BlackElo "2425"]

1.e4 e6 2.d4 d5 3.Nc3 Nf6 4.e5 Nfd7 5.f4 c5 6.Nf3 Nc6 7.Be3 a6 8.Qd2 b5 9.h4 Qb6
10.Rh3 h5 11.f5 Ndxe5 12.Nxe5 cxd4 13.Nxd5 exd5 14.Nxc6 Qxc6 15.Bxd4 Bxf5
16.Re3+ Be4 17.O-O-O Rh6 18.Bd3 Re6 19.Qf2 Rd8 20.Rf1 Rd7 21.Qg3 Qd6 22.Bxg7 Qxg3
23.Rxg3 Bxd3 24.cxd3 Bxg7 25.Rxg7 Kf8 26.Rg5 Re2 27.Kb1 Rc7 28.Rc1 Rxc1+
29.Kxc1 d4 30.g4 Rh2 31.Rxh5 Rh1+ 32.Kc2 Rh2+ 33.Kb3 Rd2 34.Rd5 Rxd3+ 35.Kb4 Rd2
36.b3 Kg7 37.Rd6 Rxa2 38.Rd7  1/2-1/2

[Event "Cappelle op"]
[Site "Cappelle la Grande"]
[Date "1998.02.28"]
[Round "9"]
[White "Luther, Thomas"]
[Black "Gleizerov, Evgeny"]
[Result "1/2-1/2"]
[WhiteElo "2510"]
[BlackElo "2545"]

1.e4 e6 2.d4 d5 3.Nc3 Nf6 4.e5 Nfd7 5.f4 c5 6.Nf3 Qb6 7.Be3 a6 8.Na4 Qa5+
9.c3 cxd4 10.b4 Qc7 11.Bxd4 Nc6 12.Rc1 Nxd4  1/2-1/2

[Event "Budapest FS03 IM"]
[Site "Budapest"]
[Date "1998.03.13"]
[Round "7"]
[White "Farago, Sandor"]
[Black "Goczo, Melinda"]
[Result "0-1"]
[WhiteElo "2285"]
[BlackElo "2170"]

1.e4 e6 2.d4 d5 3.Nc3 Nf6 4.e5 Nfd7 5.f4 c5 6.Nce2 Nc6 7.Nf3 a6 8.c3 b5 9.g3 Qb6
10.Bh3 b4 11.O-O a5 12.Kg2 g6 13.g4 Ba6 14.Rf2 f5 15.exf6 Nxf6 16.Ng3 Ne4
17.Nxe4 dxe4 18.Ng5 cxd4 19.cxd4 Nxd4 20.Be3 Bc5 21.Rd2 Bd3 22.Rc1 Ke7 23.f5 gxf5
24.gxf5 exf5 25.Qh5 Raf8 26.Nxh7 Rfg8+ 27.Bg5+ Kd6 28.Qf7 Qd8 29.Kh1 Rxg5
30.Nxg5 Qxg5 31.Rcd1 Rxh3 32.Rg2 Qe7 33.Rg6+ Ke5 34.Qg8 Be2 35.Rg7 Bf3+ 36.Kg1 Ne2+
37.Kf1 Qe6 38.Qb8+ Bd6 39.Rxd6  0-1

[Event "Oberliga Wuert9798"]
[Site "Wuerttemberg"]
[Date "1998.03.29"]
[Round "9"]
[White "Rau, Juergen"]
[Black "Welker, Michael"]
[Result "1/2-1/2"]
[WhiteElo "2175"]
[BlackElo "2130"]

1.e4 e6 2.d4 d5 3.Nc3 Nf6 4.e5 Nfd7 5.f4 c5 6.Nf3 Nc6 7.Be3 cxd4 8.Nxd4 Bc5
9.Qd2 Bxd4 10.Bxd4 Nxd4 11.Qxd4 Qb6 12.Qxb6 Nxb6 13.Bd3 Bd7 14.O-O-O g6 15.Ne2 h5
16.Nd4 Na4 17.g3 Ke7 18.h4 Nc5 19.Kd2 Rac8 20.Rhe1 Rhd8 21.Ke3 Bc6 22.Rd2 a5
23.Red1 Be8 24.c3 Bc6 25.Bb1 Bd7 26.Nf3 Bb5 27.Rd4 Na4 28.R1d2 Nb6 29.Bd3  1/2-1/2

[Event "Budapest FS04 GM"]
[Site "Budapest"]
[Date "1998.04.06"]
[Round "3"]
[White "Sherzer, Alex"]
[Black "Glek, Igor V"]
[Result "1-0"]
[WhiteElo "2490"]
[BlackElo "2565"]

1.e4 e6 2.d4 d5 3.Nc3 Nf6 4.e5 Nfd7 5.f4 c5 6.Nf3 Nc6 7.Be3 a6 8.Qd2 b5 9.dxc5 Bxc5
10.Bxc5 Nxc5 11.Qf2 Qb6 12.b4 Nd7 13.a4 Nxb4 14.axb5 Qxf2+ 15.Kxf2 Nxc2 16.Ra5 O-O
17.Bd3 d4 18.Be4 dxc3 19.Bxa8 Nb4 20.Ra3 c2 21.Nd4 axb5 22.Be4 Nc5 23.Bxc2 Rd8
24.Ra8 Nxc2 25.Nxc2 Nd3+ 26.Kg3 g5 27.Rd1 gxf4+ 28.Kh4 Kg7 29.Nb4 Bb7 30.Rxd8 Nxb4
31.Kg5 Bxg2 32.Kxf4 Nd5+ 33.Kg5 h6+ 34.Kh4 Be4 35.Rg1+ Bg6 36.Rb8 b4 37.Kg4 Kh7
38.Ra1 Bf5+ 39.Kf3 Bc2 40.Rg1 Bg6 41.Rc1 Bd3 42.Rg1 Bg6 43.h4 Ne7 44.Rb7 Nd5
45.Ra1 h5 46.Raa7 Kg7 47.Rb8 Bc2 48.Rbb7 Bg6 49.Kg3 Kg8 50.Rb8+ Kg7 51.Rbb7 Kg8
52.Ra8+ Kg7 53.Rd8 Kh6 54.Kf3 Kg7 55.Kg3 Kh6 56.Rxd5 exd5 57.Kf4 d4 58.Rxb4 d3
59.Rd4 Bh7 60.Rd6+ Bg6 61.Rd7 Kg7 62.Kg5 Kf8 63.Kf6 Ke8 64.Rd4 Bh7 65.Rb4 d2
66.Rd4  1-0

[Event "Budapest FS04 GM"]
[Site "Budapest"]
[Date "1998.04.07"]
[Round "4"]
[White "Cladouras, Panagiotis"]
[Black "Hoang Than Trang"]
[Result "1-0"]
[WhiteElo "2355"]
[BlackElo "2350"]

1.e4 e6 2.d4 d5 3.Nc3 Nf6 4.e5 Nfd7 5.f4 c5 6.Nf3 Nc6 7.Be3 cxd4 8.Nxd4 Bc5
9.Qd2 O-O 10.Bb5 Qc7 11.O-O-O a6 12.Bxc6 bxc6 13.Na4 Be7 14.Nb3 Rb8 15.Qa5 Qb7
16.Nac5 Qb5 17.Qc3 Nb6 18.Bd4 Qc4 19.Qxc4 Nxc4 20.Nd3 a5 21.Bc5 Re8 22.Bxe7 Rxe7
23.Nbc5 Ra7 24.a4 Ba6 25.g3 Nb6 26.b3 Kf8 27.Kd2 Ke7 28.Ke3 Bxd3 29.Rxd3 Nd7
30.Rc3 Nxc5 31.Rxc5 Kd7 32.Rd1 Kc7 33.Rd3 Rb4 34.Rd4 Rb8 35.Rd2 f6 36.Rd3 fxe5
37.fxe5 Kb6 38.Kd4 Rf8 39.Rdc3 Rc7 40.b4 axb4 41.a5+ Ka6 42.Rxc6+ Rxc6 43.Rxc6+ Kxa5
44.Rxe6 Rc8 45.Kd3 Kb5 46.Re7 Rc3+ 47.Kd2 Rf3 48.Rxg7 Rf2+ 49.Kd3 Rxh2 50.Rc7 Rh1
51.Kd4 Kb6 52.Rc8 Kb7 53.Rf8 Rd1+ 54.Kc5 d4 55.e6 Re1 56.Kd6 b3 57.cxb3 d3
58.Rf2 Re2 59.Rf3 d2 60.Rd3  1-0

[Event "Metz op"]
[Site "Metz"]
[Date "1998.04.07"]
[Round "2"]
[White "Zelcic, Robert"]
[Black "Deiller, Pascal"]
[Result "1-0"]
[WhiteElo "2540"]
[BlackElo "2130"]

1.e4 e6 2.d4 d5 3.Nc3 Nf6 4.e5 Nfd7 5.f4 c5 6.Nf3 Nc6 7.Be3 cxd4 8.Nxd4 Bc5
9.Qd2 a6 10.O-O-O O-O 11.h4 Bxd4 12.Bxd4 b5 13.Rh3 Bb7 14.Kb1 Rc8 15.Bf2 Qa5
16.Rg3 b4 17.Ne2 Nc5 18.Bxc5 Qxc5 19.Nc1 f5 20.Bd3 a5 21.Rg5 Ne7 22.h5 Kh8
23.Be2 Rc7 24.Nb3 Qb6 25.Nd4 Ba6 26.Bxa6 Qxa6 27.h6 g6 28.g4 a4 29.gxf5 Nxf5
30.Nxf5 Rxf5 31.Qxb4 Qc6 32.c3 Rff7 33.Rd4 Ra7  1-0

[Event "Mar del Plata op"]
[Site "Mar del Plata"]
[Date "1998.04.11"]
[Round "8"]
[White "Fucek, Claudio"]
[Black "De Souza, Mauro"]
[Result "0-1"]
[WhiteElo "2245"]
[BlackElo "2405"]

1.e4 e6 2.d4 d5 3.Nc3 Nf6 4.e5 Nfd7 5.Nce2 c5 6.c3 Nc6 7.f4 f6 8.Nf3 Qb6
9.a3 Be7 10.b4 cxd4 11.cxd4 O-O 12.Rb1 fxe5 13.fxe5 Rxf3 14.gxf3 Bh4+ 15.Kd2 Nxd4
16.f4 Nxe5 17.fxe5 Bd7 18.Kc3 Nf3 19.Bf4 a5 20.Qb3 axb4+ 21.Qxb4 Qf2 22.Qxb7 Qc5+
23.Kb3 Qxa3+ 24.Kc2 Ba4+ 25.Rb3 Bxb3+  0-1

[Event "Dreifluesse op"]
[Site "Passau"]
[Date "1998.04.13"]
[Round "7"]
[White "Enders, Peter"]
[Black "Schmittdiel, Eckhard"]
[Result "1/2-1/2"]
[WhiteElo "2525"]
[BlackElo "2460"]

1.e4 e6 2.d4 d5 3.Nc3 Nf6 4.e5 Nfd7 5.f4 c5 6.Nf3 Nc6 7.Be3 a6 8.Qd2 b5 9.a3 Qa5
10.Rb1 Rb8 11.Nd1 b4 12.axb4 Rxb4 13.c3 Rb8 14.Bd3 cxd4 15.Nxd4 Nxd4 16.Bxd4 Nc5
17.b4 Nxd3+ 18.Qxd3 Qb5 19.Qxb5+ Rxb5 20.Ra1 Be7 21.Rf1 Bd8 22.Rf2 f6 23.Nb2 Rf8
24.Nd3 a5  1/2-1/2

[Event "Warsaw-ch"]
[Site "Warsaw"]
[Date "1998.05.27"]
[Round "5"]
[White "Kolasinski, Marek"]
[Black "Dryzek, Tadeusz"]
[Result "1-0"]
[WhiteElo "2280"]
[BlackElo "2105"]

1.e4 e6 2.d4 d5 3.Nc3 Nf6 4.e5 Nfd7 5.Nce2 c5 6.c3 Nc6 7.Nf3 Be7 8.h4 Qb6
9.g3 cxd4 10.cxd4 Bb4+ 11.Bd2 O-O 12.Bh3 f5 13.O-O Bxd2 14.Qxd2 Qb4 15.Rfc1 Qxd2
16.Nxd2 Nb6 17.f3 Bd7 18.Kf2 Rac8 19.Ke3 Nb4 20.Nc3 Na4 21.a3 Na6 22.Nxa4 Bxa4
23.Bf1 Nb8 24.Rc5 b6 25.Rcc1 Kf7 26.g4 fxg4 27.fxg4 Ke7 28.Bd3 h6 29.g5 Rh8
30.gxh6 gxh6 31.Rxc8 Rxc8 32.Rg1 Rf8 33.Rg6 h5 34.Nf3 Be8 35.Rh6 Nc6 36.Ng5 Nd8
37.Rh7+ Bf7 38.Bg6 Ke8 39.Nxf7 Nxf7 40.Bxh5 a6 41.Bg6 a5 42.h5 a4 43.Rxf7 Rxf7  1-0

[Event "Stockholm Elo"]
[Site "Stockholm"]
[Date "1998.06.09"]
[Round "4"]
[White "Andersson, Mats"]
[Black "Rylander, Dennis"]
[Result "1/2-1/2"]
[WhiteElo "2320"]
[BlackElo "2145"]

1.e4 e6 2.d4 d5 3.Nc3 Nf6 4.e5 Nfd7 5.f4 c5 6.Nf3 Nc6 7.Be3 cxd4 8.Nxd4 Nxd4
9.Bxd4 Bc5 10.Bxc5 Nxc5 11.Qd4 Qe7 12.Be2 Bd7 13.O-O g6 14.b4 Na6 15.a3 Nc7
16.Rad1 b6 17.g4 Bc6 18.Rf2 Rg8 19.a4 Rb8 20.Rd3 a5 21.bxa5 bxa5 22.Qa7 Rb7
23.Qxa5 Qb4 24.Qxb4 Rxb4 25.Kf1 d4 26.Nd1  1/2-1/2

[Event "Frankfurt Ordix op"]
[Site "Frankfurt"]
[Date "1998.06.21"]
[Round "9"]
[White "David, Alberto"]
[Black "Luther, Thomas"]
[Result "1/2-1/2"]
[WhiteElo "2525"]
[BlackElo "2510"]

1.e4 e6 2.d4 d5 3.Nc3 Nf6 4.e5 Nfd7 5.f4 c5 6.Nf3 Nc6 7.Be3 cxd4 8.Nxd4 Bc5
9.Qd2 O-O 10.O-O-O a6 11.h4 Nxd4 12.Bxd4 b5 13.Rh3 Bb7 14.Kb1 b4 15.Na4 Bxd4
16.Qxd4 Qa5 17.b3 Bc6 18.Nb2 Qc5 19.c3 a5 20.Rc1 Rfc8 21.Re3 Qe7 22.g3 Rcb8
23.cxb4 Rxb4 24.Qd2 d4 25.Ree1 Bd5 26.Rc7 Qd8 27.Rec1 Rab8 28.Qc2 Nb6 29.Bd3 Nc4
30.Rxc4 Bxc4 31.Bxc4  1/2-1/2

[Event "SVK-ch"]
[Site "Prievidza"]
[Date "1998.07.03"]
[Round "7.2"]
[White "Manik, Mikulas"]
[Black "Hagarova, Zuzana"]
[Result "1-0"]
[WhiteElo "2460"]
[BlackElo "2305"]

1.e4 e6 2.d4 d5 3.Nc3 Nf6 4.e5 Nfd7 5.f4 c5 6.Nf3 Qb6 7.Na4 Qc6 8.Nxc5 Nxc5
9.dxc5 Bxc5 10.c3 a5 11.Bd3 Bd7 12.Bd2 Qb6 13.Qb3 Nc6 14.Qxb6 Bxb6 15.Ke2 f6
16.Be3 Bc7 17.Bd4 O-O 18.g3 Rab8 19.Rhe1 b5 20.Bc5 Rfc8 21.exf6 gxf6 22.Nd4 Nxd4+
23.cxd4 e5 24.Kd2 Re8 25.fxe5 fxe5 26.dxe5 Rxe5 27.Bd4 Rxe1 28.Rxe1 Re8 29.Rf1 Bd6
30.Bxh7+ Kxh7 31.Rf7+ Kg6 32.Rxd7 Bb4+ 33.Kd3 Re1 34.Rxd5 Rd1+ 35.Ke4  1-0

[Event "Smith & Williamson"]
[Site "Witley"]
[Date "1998.07.21"]
[Round "3"]
[White "Debbage, Ian A"]
[Black "Sarkar, Justin"]
[Result "0-1"]
[WhiteElo "2025"]
[BlackElo "2195"]

1.e4 e6 2.d4 d5 3.Nc3 Nf6 4.e5 Nfd7 5.f4 c5 6.Nf3 Nc6 7.Be3 cxd4 8.Nxd4 Bc5
9.Bb5 Qc7 10.O-O a6 11.Bxc6 bxc6 12.Qg4 O-O 13.Kh1 Nb6 14.Qh5 Bxd4 15.Bxd4 c5
16.Bf2 f5 17.exf6 gxf6 18.Bh4 Qf7 19.Qe2 Bb7 20.Rae1 Rfe8 21.Rf3 Kh8 22.Rg3 Nd7
23.Qg4 Rg8 24.Qe2 Rxg3 25.Bxg3 Re8 26.Na4 d4 27.Qc4 Qh5 28.b4 cxb4 29.Qxd4 Qd5
30.Qxd5 Bxd5 31.c3 Bc6 32.Nb2 bxc3 33.Nc4 Bd5 34.Nd6 Rb8  0-1

[Event "Hans & Lenze"]
[Site "Lippstadt"]
[Date "1998.07.30"]
[Round "1"]
[White "Matthias, Heiner"]
[Black "Bunzmann, Dimitrij"]
[Result "1/2-1/2"]
[WhiteElo "2355"]
[BlackElo "2390"]

1.e4 e6 2.d4 d5 3.Nc3 Nf6 4.e5 Nfd7 5.f4 c5 6.Nf3 Nc6 7.Be3 cxd4 8.Nxd4 Bc5
9.Qd2 O-O 10.O-O-O a6 11.Kb1 Bxd4 12.Bxd4 b5 13.h4 b4 14.Ne2 a5 15.h5 Ba6
16.h6 g6 17.Bf2 Qc7 18.Nd4 Nxd4 19.Bxd4 Rfc8 20.Rc1 Nc5 21.Bxc5 Qxc5 22.c3 Bxf1
23.Rhxf1 Qf8 24.cxb4 axb4 25.Rxc8 Rxc8 26.f5 exf5 27.g4 Re8 28.gxf5 Rxe5
29.Qd4 Qe8 30.Rc1 f6 31.Qxb4 Qd7 32.fxg6 hxg6 33.Qb8+ Re8 34.Qb6 Qf5+ 35.Ka1 g5
36.Qb7 Qg6 37.Qxd5+ Kh7 38.Qd7+ Kh8 39.a4 g4 40.Rg1 f5 41.Qd4+ Kg8 42.Qd5+ Kh8
43.Qd4+ Kg8 44.Qd5+ Kh8  1/2-1/2

[Event "RUS-ch51"]
[Site "St Petersburg"]
[Date "1998.07.30"]
[Round "3"]
[White "Yagupov, Igor"]
[Black "Ulibin, Mikhail"]
[Result "1/2-1/2"]
[WhiteElo "2450"]
[BlackElo "2555"]

1.e4 e6 2.d4 d5 3.Nc3 Nf6 4.e5 Nfd7 5.f4 c5 6.Nf3 Qb6 7.Be3 a6 8.Na4 Qc6
9.Nxc5 Nxc5 10.dxc5 Bxc5 11.Bxc5 Qxc5 12.Qd2 Nc6 13.O-O-O Bd7 14.Kb1 O-O-O
15.h4 h5 16.Rh3 Kb8 17.Rg3 Rhg8 18.Nd4 Qxd4 19.Qxd4 Nxd4 20.Rxd4 Bc6 21.Be2 g6
22.Kc1 Rc8 23.Kd2 Rgd8 24.Rc3 Rc7 25.Ke3 Rdc8  1/2-1/2

[Event "RUS-ch51"]
[Site "St Petersburg"]
[Date "1998.08.01"]
[Round "5"]
[White "Svidler, Peter"]
[Black "Dolmatov, Sergey"]
[Result "1/2-1/2"]
[WhiteElo "2710"]
[BlackElo "2575"]

1.e4 e6 2.d4 d5 3.Nc3 Nf6 4.e5 Nfd7 5.Nce2 c5 6.c3 Qb6 7.Nf3 cxd4 8.cxd4 f6
9.exf6 Nxf6 10.Nc3 Nc6 11.Bd3 Bd6 12.O-O O-O 13.a3 a6 14.Be3 Qc7 15.Rc1 Bd7
16.h3 Be8 17.Ng5 Qe7 18.f4 h6 19.Nf3 Nh5 20.Ne5 Ng3 21.Re1 Bxe5 22.fxe5  1/2-1/2

[Event "Budapest FS08 IM-B"]
[Site "Budapest"]
[Date "1998.08.04"]
[Round "4"]
[White "Bokros, Albert"]
[Black "Stjazhkin, V."]
[Result "1/2-1/2"]
[WhiteElo "2365"]
[BlackElo "2335"]

1.e4 e6 2.d4 d5 3.Nc3 Nf6 4.e5 Nfd7 5.f4 c5 6.Be3 Nc6 7.Nf3 a6 8.Qd2 b5 9.dxc5 Bxc5
10.Bxc5 Nxc5 11.Bd3 Qb6 12.Qf2 b4 13.Ne2 a5 14.O-O Ba6 15.Rad1 Ne7 16.Kh1 Na4
17.Qxb6 Nxb6 18.Nfd4 Nc4 19.Bxc4 dxc4 20.c3 Nd5 21.Rf3 Ne7 22.f5 exf5 23.Nxf5 Nxf5
24.Rxf5 g6 25.Rf6 O-O 26.Rd7 Bc8 27.Rc7 Bf5 28.Nd4 Bd3 29.h3 bxc3 30.bxc3 a4
31.Nb5 Bf5 32.a3 Rab8 33.Nd4 Bd3 34.Rf2 Rbe8 35.Rc5 Rc8 36.Ra5 Ra8 37.Rc5 Rac8
38.Ra5 Ra8 39.Rc5  1/2-1/2

[Event "MK Cafe Cup-A"]
[Site "Koszalin"]
[Date "1998.08.04"]
[Round "2"]
[White "Sulskis, Sarunas"]
[Black "Schmidt, Wlodzimierz"]
[Result "1-0"]
[WhiteElo "2555"]
[BlackElo "2445"]

1.e4 e6 2.d4 d5 3.Nc3 Nf6 4.e5 Nfd7 5.Nce2 c5 6.c3 Nc6 7.f4 Qb6 8.Nf3 Be7
9.g3 f5 10.Bh3 cxd4 11.cxd4 Ndb8 12.O-O Bd7 13.Rf2 Na6 14.Nc3 O-O-O 15.Rb1 Na5
16.b4 Nc4 17.b5 Nc7 18.Rc2 Qa5 19.a4 Kb8 20.Bf1 Be8 21.Qd3 Na8 22.Nd2 Rc8
23.Nxc4 Rxc4 24.Qe3 Rb4 25.Ba3 Rxb1 26.Nxb1 Qd8 27.Nd2 Bh5 28.Rc1 Qd7 29.Bxe7 Qxe7
30.Nb3 b6 31.a5 Rc8 32.axb6 axb6 33.Rxc8+ Kxc8 34.Qc3+ Nc7 35.Na5 bxa5 36.b6 Kb8
37.Qc6 Bf7 38.h4 Qd8 39.bxc7+ Qxc7 40.Qa6  1-0

[Event "Budapest FS08 GM"]
[Site "Budapest"]
[Date "1998.08.07"]
[Round "7"]
[White "Soffer, Ram"]
[Black "Blauert, Joerg"]
[Result "1-0"]
[WhiteElo "2520"]
[BlackElo "2385"]

1.d4 e6 2.e4 d5 3.Nc3 Nf6 4.e5 Nfd7 5.f4 c5 6.Nf3 Nc6 7.Be3 cxd4 8.Nxd4 Qb6
9.Qd2 Qxb2 10.Rb1 Qa3 11.Bb5 Nxd4 12.Bxd4 Bb4 13.O-O a6 14.Rb3 Qa5 15.Rfb1 Be7
16.Bxd7+ Bxd7 17.Rxb7 Rc8 18.Qe3 Rc4 19.f5 exf5 20.Rxd7 Kxd7 21.Rb7+ Ke8
22.e6 Qa3 23.Rb8+ Bd8 24.Qg5 Qd6 25.exf7+ Kd7 26.Qxf5+ Kc6 27.Qc8+  1-0

[Event "Budapest FS08 IM-B"]
[Site "Budapest"]
[Date "1998.08.07"]
[Round "7"]
[White "Stjazhkin, V."]
[Black "Vigh, Bela"]
[Result "1/2-1/2"]
[WhiteElo "2390"]
[BlackElo "2385"]

1.e4 e6 2.d4 d5 3.Nc3 Nf6 4.e5 Nfd7 5.Nce2 c5 6.c3 Nc6 7.f4 Qb6 8.Nf3 Be7
9.a3 c4 10.f5 exf5 11.Nf4 Qa5 12.Bd2 Qd8 13.Nxd5 Ndxe5 14.Nxe7 Nxf3+ 15.Qxf3 Qxe7+
16.Be2 O-O 17.O-O Be6 18.Rae1 Qd7 19.Qg3 Ne7 20.h4 Kh8 21.h5 h6 22.Bf4  1/2-1/2

[Event "MK Cafe Cup-A"]
[Site "Koszalin"]
[Date "1998.08.09"]
[Round "7"]
[White "Gipslis, Aivars"]
[Black "Cichocki, Adam"]
[Result "1/2-1/2"]
[WhiteElo "2450"]
[BlackElo "2365"]

1.e4 e6 2.d4 d5 3.Nc3 Nf6 4.e5 Nfd7 5.f4 c5 6.Nf3 Nc6 7.Be3 a6 8.Qd2 b5 9.Be2 b4
10.Nd1 Qb6 11.O-O a5 12.c4 cxd4 13.Nxd4 Nxd4 14.Bxd4 Bc5 15.Bxc5 Qxc5+ 16.Nf2 dxc4
17.Rfd1 O-O 18.Qd4 Qxd4 19.Rxd4 Nb6 20.Bxc4 Bb7 21.Bd3 Rfd8 22.Rxd8+ Rxd8
23.Rc1 Na4 24.Rc2 Bd5 25.Bb5 b3 26.axb3 Bxb3 27.Re2 Rd4 28.Bxa4 Rxa4 29.Ne4 Bd5
30.Nc3 Rxf4 31.Rd2 Kf8 32.Nxd5  1/2-1/2